header

The Road Runner Mid-Mesa Marathon / (Record no. 264138)

MARC details
000 -LEADER
fixed length control field 00557nam a22001817a 4500
003 - CONTROL NUMBER IDENTIFIER
control field OSt
005 - DATE AND TIME OF LATEST TRANSACTION
control field 20240726141845.0
008 - FIXED-LENGTH DATA ELEMENTS--GENERAL INFORMATION
fixed length control field 240726b xxu||||| |||| 00| 0 eng d
010 ## - LIBRARY OF CONGRESS CONTROL NUMBER
LC control number 84072882
020 ## - INTERNATIONAL STANDARD BOOK NUMBER
International Standard Book Number 0307020339
040 ## - CATALOGING SOURCE
Transcribing agency DLC
050 ## - LIBRARY OF CONGRESS CALL NUMBER
Classification number PZ7
Item number .S6294 1985
100 ## - MAIN ENTRY--PERSONAL NAME
Personal name Slater, Teddy.
245 ## - TITLE STATEMENT
Title The Road Runner Mid-Mesa Marathon /
Statement of responsibility, etc by Teddy Slater ; illustrated by John Costanza.
260 ## - PUBLICATION, DISTRIBUTION, ETC. (IMPRINT)
Place of publication, distribution, etc New York :
-- Racine, Wis. :
Name of publisher, distributor, etc Golden Book ;
-- Western Pub. Co.,
Date of publication, distribution, etc c1985.
300 ## - PHYSICAL DESCRIPTION
Extent [24] p. :
Other physical details col. ill. ;
Dimensions 20 cm.
942 ## - ADDED ENTRY ELEMENTS (KOHA)
Source of classification or shelving scheme Library of Congress Classification
Koha item type Long Loan Books
Holdings
Withdrawn status Lost status Source of classification or shelving scheme Damaged status Not for loan Collection code Home library Current library Shelving location Date acquired Total Checkouts Full call number Barcode Date last seen Price effective from Koha item type
    Library of Congress Classification     Fiction Rongo University Library Rongo University Library Children's Area 26/07/2024   PZ7 .S6294 1985 CL20243572 26/07/2024 26/07/2024 Long Loan Books

© 2026 Rongo University
Contact us: librarian | system librarian | Rongo university